000 00501nam a2200169Ia 4500
008 230917s9999||||xx |||||||||||||| ||und||
020 _cGBP22.99
040 _e229153
_aMAIN
041 _aEnglish
082 _a394.1209495 D714F
100 _aDonahue, John F
245 0 _aFood and drink in antiquity: Readings from the Graeco-Roman World: A sourcebook
260 _aLondon
_bBloomsbury
_c2015
300 _aviii, 299 p.
500 _a2167 09/11/2015 PBA15/467 10/11/2015 IHTM (SFS)
942 _cBK
999 _c16513
_d16513